Taylor Swift Albums on the Billboard 200 - Statistics

General Stats
  • This quiz has been taken 276 times
    247 since last reset
  • The average score is 11 of 14
Answer Stats
Peak Weeks On Highest Charting Song Album % Correct
#1 (11 Weeks) 377 Weeks Blank Space 1989
99%
#1 (7 Weeks) 185 Weeks We Are Never Ever Getting Back Together Red
98%
#1 (4 Weeks) 64 Weeks willow evermore
97%
#1 (11 Weeks) 261 Weeks You Belong with Me Fearless
97%
#1 (4 Weeks) 180 Weeks Look What You Made Me Do reputation.
97%
#1 (8 Weeks) 84 Weeks cardigan folklore
96%
#1 (1 Week) 132 Weeks You Need to Calm Down Lover
96%
#1 (6 Weeks) 152 Weeks Mine Speak Now
95%
#5 275 Weeks Teardrops on My Guitar Taylor Swift
94%
#1 (2 Weeks) 46 Weeks Love Story (Taylor's Version) Fearless (Taylor's Version)
91%
#1 (1 Week) 16 Weeks All Too Well (10 Minute Version) (Taylor's Version) (From the Vault) Red (Taylor's Version)
90%
#9 21 Weeks Teardrops on My Guitar (Acoustic Version) Beautiful Eyes EP
20%
#20 43 Weeks Last Christmas The Taylor Swift Holiday Collection EP
20%
#11 Long Live (with Paula Fernandes) Speak Now: World Tour Live CD + DVD
12%
No matching quizzes found
Score Distribution
Percent of People with Each Score
Percentile by Number Answered
Your Score History
You have not taken this quiz since the last reset